Príčiny a ekonomický význam migrácie v Európskej únii od jej vzniku po súčasnosť

Charakter migrácie v Európskej únii v časovom rozpätí od 50-tych rokov minulého storočia až po súčasnosť. Ekonomický aspekt migračných tokov a faktory súvisiace so sociálnymi dôsledkami, bezpečnosťou, inštitucionálnymi či psychologickými vplyvmi.

Salvato in:
Dettagli Bibliografici
Autore principale: Galanská, Nina
Natura: Capitolo di libro
Lingua:slovacco
Soggetti:
Tags: Aggiungi Tag
Nessun Tag, puoi essere il primo ad aggiungerne!!

MARC

LEADER 00000nla a2200000 4500
001 0181012
005 20240502083426.0
041 0 |a slo 
044 |a CZ 
245 1 0 |a Príčiny a ekonomický význam migrácie v Európskej únii od jej vzniku po súčasnosť  |c Nina Galanská 
520 |a Charakter migrácie v Európskej únii v časovom rozpätí od 50-tych rokov minulého storočia až po súčasnosť. Ekonomický aspekt migračných tokov a faktory súvisiace so sociálnymi dôsledkami, bezpečnosťou, inštitucionálnymi či psychologickými vplyvmi. 
610 2 0 |a Európska únia 
610 2 0 |a migrácia 
610 2 0 |a obyvateľstvo 
610 2 0 |a pohyb síl pracovných medzinárodný 
610 2 0 |a prerozdeľovanie síl pracovných 
100 1 |a Galanská, Nina